A lovacska, a fa és a kisfiú

Bibliographic Details
Main Author: Rodari, Gianni, 1920-1980 (Author)
Other Authors: Átányi, László (Translator)
Format: Article
Language:Hungarian
PhysicalDescription:Obr. 1
Subjects:

MARC

LEADER 00000nab a2200000 a 4500
001 vtls000595645
003 SK-MaSNL
005 20260303165459.0
008 160202c1996 xo 0 hun
015 |a SNBRB19rr/mm-uuuuu 
035 |a CL0595784 
040 |a SNKBUCL  |b slo  |c SNKBUCL  |e AACR2 
041 0 |a hun 
044 |a xo  |c SK 
080 |a 850-3(087.5)=945.11  |2 1981 
100 1 |a Rodari, Gianni,  |d 1920-1980  |4 aut  |9 223425 
245 1 0 |a A lovacska, a fa és a kisfiú  |c Gianni Rodari ; Ford. László Átányi 
300 |b Obr. 1 
650 0 7 |a rozprávky autorské  |2 snkbucl  |9 315429 
655 7 |a články z novín a časopisov  |2 snkbucl  |9 267496 
655 7 |a články z odboru literárna veda a krásna literatúra  |2 snkbucl  |9 770045 
700 1 |a Átányi, László  |4 trl  |9 850008 
773 0 |t Életünk  |g Roč. 1, č. 13 (1996), s. 20 
850 |a Slovenská národná knižnica v Martine  |a DSG001 
852 |a SNK  |b KIS3GCP 
958 |a RK 
958 |a HU 
958 |a LX 
992 |a RBX 
999 |c 2071954  |d 2073884